| 000 -LEADER |
| fixed length control field |
00821nam a2200229Ia 4500 |
| 001 - CONTROL NUMBER |
| control field |
16513 |
| 003 - CONTROL NUMBER IDENTIFIER |
| control field |
GE_BSU |
| 005 - DATE AND TIME OF LATEST TRANSACTION |
| control field |
20200131131558.0 |
| 008 - FIXED-LENGTH DATA ELEMENTS--GENERAL INFORMATION |
| fixed length control field |
181216s2004||||en |||||||||||||| ||eng|| |
| 020 ## - INTERNATIONAL STANDARD BOOK NUMBER |
| International Standard Book Number |
978-1590593325 |
| 040 ## - CATALOGING SOURCE |
| Transcribing agency |
GE_BSU |
| 080 ## - UNIVERSAL DECIMAL CLASSIFICATION NUMBER |
| Universal Decimal Classification number |
004.4 S-83 |
| 100 ## - MAIN ENTRY--PERSONAL NAME |
| Personal name |
Stephens, Jon. |
| 9 (RLIN) |
6567 |
| 245 ## - TITLE STATEMENT |
| Title |
Beginning MySQL Database Design and Optimization : |
| Remainder of title |
From Novice to Professional / |
| Statement of responsibility, etc. |
Jon Stephens ; Russell Chad . |
| 260 ## - PUBLICATION, DISTRIBUTION, ETC. |
| Name of publisher, distributor, etc. |
usa : |
| Place of publication, distribution, etc. |
Apress, |
| Date of publication, distribution, etc. |
2004. |
| 300 ## - PHYSICAL DESCRIPTION |
| Extent |
500 p .: |
| Other physical details |
ill ; |
| Dimensions |
24 cm. |
| 653 ## - INDEX TERM--UNCONTROLLED |
| keyword |
Beginning MySQL Database Design and Optimization: From Novice to Professional |
| 653 ## - INDEX TERM--UNCONTROLLED |
| keyword |
კომპიუტერული ტექნოლოგიები |
| 653 ## - INDEX TERM--UNCONTROLLED |
| keyword |
მონაცემთა ბაზები |
| 700 ## - ADDED ENTRY--PERSONAL NAME |
| Personal name |
Chad, Russell |
| 9 (RLIN) |
6568 |
| 942 ## - ADDED ENTRY ELEMENTS (KOHA) |
| Koha item type |
წიგნი |
| Source of classification or shelving scheme |
|